Značenije sociaľno - ekonomičeskovo rocta regionov, kak faktora razvitija nacionaľnoj ekonomiki

Bibliographic Details
Main Author: Vdovičena, Oľga (Author)
Format: Article
Language:Russian

MARC

LEADER 00000nab a2200000 a 4500
001 vtls011113001
003 SK-MaSNL
005 20260303150627.0
008 230222|2011 xo |||||||||||||||||rus|
015 |a SNBRB 
035 |a (uuid)84ea2ae7-165a-4e16-ac3b-61f16b06cb72 
035 |a (urnnbn)urn:nbn:sk:snk:ar-a08h43 
035 |a urn:nbn:sk:snk-ab9jkt 
040 |a SNKBUCL  |b slo  |c SNKBUCL  |e AACR2 
041 0 |a rus 
044 |a xo  |c SK 
100 1 |a Vdovičena, Oľga  |4 aut  |9 1169660 
245 1 0 |a Značenije sociaľno - ekonomičeskovo rocta regionov, kak faktora razvitija nacionaľnoj ekonomiki  |c Oľga Vdovičena 
773 0 |t Verejná správa a regionálny rozvoj : vedecký časopis Vysokej školy ekonómie a manažmentu verejnej správy v Bratislave  |g Roč. 7, č. 2 (2011), s. 118-127 
958 |a OND 
958 |a EUIPO 
958 |a article13 
999 |c 2012138  |d 2014068